Central Library OPAC University of Rajshahi

Rodd's Chemistry of carbon compounds : (Record no. 14974)

MARC details
000 -LEADER
fixed length control field 00959cam a22002771 4500
001 - CONTROL NUMBER
control field 14974
003 - CONTROL NUMBER IDENTIFIER
rucl marc code BD-RjUL
005 - DATE AND TIME OF LATEST TRANSACTION
control field 20211208235728.0
008 - FIXED-LENGTH DATA ELEMENTS--GENERAL INFORMATION
fixed length control field 140209s1964 ne a b 001 0 eng
035 ## - SYSTEM CONTROL NUMBER
System control number (BD-RjUL)15028
040 ## - CATALOGING SOURCE
Original cataloging agency DLC
Transcribing agency DLC
Modifying agency DLC
-- BD-RjUL
Language of cataloging eng
041 ## - LANGUAGE CODE
Language code of text/sound track or separate title eng
082 00 - DEWEY DECIMAL CLASSIFICATION NUMBER
Classification number 547
Author mark and year ROD 1960
245 00 - TITLE STATEMENT
Title Rodd's Chemistry of carbon compounds :
Remainder of title A modern comprehensive treatise /
Statement of responsibility, etc. Edited by S. Coffey.
Number of part/section of a work Volume 1 :
Name of part/section of a work Part A :
-- General Introduction Hydrocarbons Halogen Derivatives.
250 ## - EDITION STATEMENT
Edition statement 2d ed.,
260 ## - PUBLICATION, DISTRIBUTION, ETC. (IMPRINT)
Place of publication, distribution, etc. Amsterdam;
-- New York :
Name of publisher, distributor, etc. Elsevier Pub. Co.,
Date of publication, distribution, etc. c1964.
300 ## - PHYSICAL DESCRIPTION
Pagination xviii, 569 p. :
Illustrations ill. ;
Size 24 cm.
504 ## - BIBLIOGRAPHY, ETC. NOTE
Bibliography, etc Includes indexes and bibliographical references.
650 #0 - SUBJECT ADDED ENTRY--TOPICAL TERM
Topical term or geographic name as entry element Chemistry, Organic.
9 (RLIN) 46600
Topical term or geographic name as entry element Carbon compounds.
9 (RLIN) 31944
700 1# - ADDED ENTRY--PERSONAL NAME
Personal name Coffey, S.
Fuller form of name (Samuel)
942 ## - ADDED ENTRY ELEMENTS (KOHA)
Source of classification or shelving scheme Dewey Decimal Classification
Koha item type Books
Holdings
Lost status Source of classification or shelving scheme Materials specified (bound volume or other part) Damaged status Not for loan Collection code Permanent Location Current Location Shelving location Date acquired Source of acquisition Cost, normal purchase price Total Checkouts Full call number Date last seen Copy number Koha item type
  Dewey Decimal Classification V-1   Not For Loan Non-fiction Central Library, University of Rajshahi Central Library, University of Rajshahi Reading Room 03/04/1967 Book Centre, 127.50   547 ROD 1960 09/02/2014 C-1 Books